Wireless communications (Record no. 12422)

000 -LEADER
fixed length control field 00383nam a22001457a 4500
020 ## - INTERNATIONAL STANDARD BOOK NUMBER
International Standard Book Number 9788120335141
082 ## - DEWEY DECIMAL CLASSIFICATION NUMBER
Classification number 621.382 NAT
100 ## - MAIN ENTRY--PERSONAL NAME
Personal name Nathan, P. Muthu Chidambara
245 ## - TITLE STATEMENT
Title Wireless communications
260 ## - PUBLICATION, DISTRIBUTION, ETC.
Place of publication, distribution, etc. New Delhi, India
Name of publisher, distributor, etc. PHI Learning
Date of publication, distribution, etc. 2008
300 ## - PHYSICAL DESCRIPTION
Extent xvi, 219 p.
Other physical details ill. ;
500 ## - GENERAL NOTE
General note Includes index.
650 ## - SUBJECT ADDED ENTRY--TOPICAL TERM
Topical term or geographic name entry element Wireless communication systems.
942 ## - ADDED ENTRY ELEMENTS (KOHA)
Koha item type Book
Holdings
Withdrawn status Lost status Damaged status Not for loan Collection code Permanent Location Current Location Shelving location Date acquired Source of acquisition Cost, normal purchase price Total Checkouts Total Renewals Full call number Barcode Date last seen Date last checked out Price effective from Koha item type
          Central Library (CL) Central Library (CL) General Stacks 12/27/2013 Multi-Line Books 340.08 2 1 621.382 NAT SEECS012838 01/12/2024 11/07/2016 12/31/2013 Book
© 2023 Central Library, National University of Sciences and Technology. All Rights Reserved.